Estadísticas para Ciudades Anfitrionas de los Juegos Panamericanos en un Mapa

Haz click aquí para intentar la prueba.

Estadísticas generales

  • Esta prueba ha sido intentada 51 veces
  • La puntuación promedio es 14 de 17

Respuestas en el mapa

Las respuestas están codificadas por una escala verde-roja en el mapa de la prueba según el % correcto abajo.
 

Estadísticas de respuestas

AñoCiudad% Correcto
1951Buenos Aires
100%
2019Lima
100%
2023Santiago
100%
1983Caracas
98%
1991La Habana
98%
2007Rio de Janeiro
96%
1955Ciudad de México
94%
1963Sao Paulo
87%
2003Santo Domingo
85%
2015Toronto
81%
1971Cali
77%
2011Guadalajara
74%
1979San Juan
68%
1959Chicago
66%
1995Mar del Plata
53%
1987Indianápolis
40%
1967Winnipeg
36%

Distribución de puntuación

Porcentaje por número respondido

Porcentaje de gente con cada puntuación

Historial de tus puntuaciones

No has intentado esta prueba.